000 00523nam a2200181Ia 4500
999 _c8122
_d8122
003 OSt
005 20200101152030.0
008 190216s9999||||xx |||||||||||||| ||und||
020 _a9789351426400
040 _coclc
082 _a332.1
_bGOR/F
100 _aGordon, E
_91016
245 0 _aFinancial Markets And Services /
_cE Gordon ; K Natarajan
250 _a9th ed.
260 _bHimalaya Publishing House,
_c2015.
_aNew Delhi:
300 _a498p
942 _cBK
_2ddc
_h332.1
_iGOR/F
_k332.1
_mGOR/F